000 00809nam a2200265 a 4500
001 20102
003 BD-RjUL
005 20211209000524.0
008 140226r19491870enkafh 000 1 eng d
020 _a0198124392
035 _a(OCoLC)508807
_a(BD-RjUL)20164
040 _aDLC
_cDLC
_dBD-RjUL
_beng
041 _aeng
082 _a823.1
_bDIM 1949
100 1 _aDickens, Charles,
_d1812-1870.
_961898
245 1 4 _aThe mystery of Edwin Drood /
_cCharles Dickens ; Note by Williams, Charles
260 _aLondon :
_bOxford University Press,
_c1870 [Reprinted 1949].
300 _a376 p., :
_bill. ;
_c23 cm.
490 1 _aThe Clarendon Dickens
650 _aEnglish fiction
_961899
700 1 _aWilliams, Charles
_961900
942 _2ddc
_cBK
999 _c20102
_d20102